Obálka
Pro půjčování e-knih musíte být přihlášeni.
Jak si půjčit online?

Karel IV. : jménem koruny, jménem lásky /

Román o životě krále a císaře Karla IV. se ve stylu historických romancí věnuje především jeho láskám, včetně historicky nedoloženého vztahu s Isabellou, sestrou jeho první ženy Blanky z Valois.

Uloženo v:
Série:Rodová sága, část 2
Hlavní autor: Whitton, Hana, 1950- (Autor)
Další autoři: Elsnerová, Andrea, 1977- (Autor), Nováková, Jindřiška, 1954- (Vypravěč-komentátor), Rašilov, Saša, 1972- (Režisér), Tůma, Daniel, 1978- (Vypravěč-komentátor, Hudebník)
Médium: E-audiokniha
Jazyk:Czech
Vydáno: [Praha] : [Vyšehrad], [2018]
Témata:
Příbuzné jednotky:Z cyklu:: Rodová sága
Tagy:
Žádné tagy
LEADER 03958cim a2200733 i 4500
001 313018
003 CZ PrSKC
005 20260601215733.0
007 sd fsngnnmmned
008 190122t20182018xr g f cze
020 |c Kč 299,00 
024 3 |a 8594050425989 
040 |a ULG001  |b cze  |d PAG001  |d OSA001  |d KVG001  |e rda 
072 7 |a 821.162.3-3  |x Česká próza  |2 Konspekt 
080 |a 821.162.3-31  |2 MRF 
100 1 |a Whitton, Hana,  |d 1950-  |7 jn19981001688  |4 aut 
245 1 0 |a Karel IV. :  |b jménem koruny, jménem lásky /  |c Hana Whitton 
246 3 0 |a Jménem koruny, jménem lásky 
264 1 |a [Praha] :  |b [Vyšehrad],  |c [2018] 
264 4 |c ©2018 
300 |a 1 audiodisk (6 hod., 49 min., 46 sek.) ;  |c 12 cm 
306 |a 064946 
336 |a mluvené slovo  |b spw  |2 rdacontent 
337 |a audio  |b s  |2 rdamedia 
338 |a audiodisk  |b sd  |2 rdacarrier 
344 |a digital  |2 rda 
347 |a audio soubor  |b MP3  |2 rda 
500 |a Název z disku 
500 |a Druhý díl trilogie z českých dějin 
508 |a Úprava textu a scénář Daniel Tůma ; hudba Daniel Tůma, Ondřej Timpl ; režie Jindřiška Nováková 
511 0 |a Čtou: Saša Rašilov a Andrea Elsnerová 
518 |a Natočeno ve zvukovém studiu DAMU v Praze 
520 2 |a Román o životě krále a císaře Karla IV. se ve stylu historických romancí věnuje především jeho láskám, včetně historicky nedoloženého vztahu s Isabellou, sestrou jeho první ženy Blanky z Valois.  |b Karel IV. dovedl země koruny české k nebývalému rozkvětu, jen v soukromí jako by se mu štěstí vyhýbalo. Nebylo mu přáno, aby ho královským životem provázela milovaná Blanka. I když pak uzavíral politické sňatky, své manželky měl upřímně rád. Netušil však, že jediná Isabella z Valois ho celý život hluboce milovala a tajně doufala, že si ji ovdovělý král vezme... Nakladatelská anotace. 
600 0 7 |a Karel  |b IV.,  |c český král a římský císař,  |d 1316-1378  |7 jk01053000  |2 czenas 
653 0 |a životopisné romány  |a historické romány  |a panovníci  |a Karel IV., český král a římský císař, 1316-1378  |a Blanka z Valois, královna, choť Karla IV., českého krále a římského císaře, 1316-1348  |a Anna Falcká, královna, choť Karla IV., českého krále a římského císaře, 1329-1353  |a Anna Svídnická, královna, choť Karla IV., českého krále a římského císaře, 1339-1362  |a MP3 
655 7 |a audioknihy  |7 fd119452  |2 czenas 
655 7 |a kompaktní disky  |7 fd201991  |2 czenas 
700 1 |a Elsnerová, Andrea,  |d 1977-  |7 js20040308001  |4 nrt 
700 1 |a Nováková, Jindřiška,  |d 1954-  |7 jn20010601354  |4 drt 
700 1 |a Rašilov, Saša,  |d 1972-  |7 js20021118002  |4 nrt 
700 1 |a Tůma, Daniel,  |d 1978-  |7 xx0131764  |4 mus  |4 aus 
787 0 8 |i Z cyklu:  |t Rodová sága  |g 2 
900 |a KVG001  |b 18 
044 |a xr 
505 0 0 |t Karel IV. (15 min., 15 sek.) 
505 0 0 |t Karel IV. (23 min., 43 sek.) 
505 0 0 |t Karel IV. (23 min., 12 sek.) 
505 0 0 |t Karel IV. (19 min., 54 sek.) 
505 0 0 |t Karel IV. (18 min., 34 sek.) 
505 0 0 |t Karel IV. (21 min., 19 sek.) 
505 0 0 |t Karel IV. (18 min., 26 sek.) 
505 0 0 |t Karel IV. (20 min., 13 sek.) 
505 0 0 |t Karel IV. (23 min., 12 sek.) 
505 0 0 |t Karel IV. (20 min., 51 sek.) 
505 0 0 |t Karel IV. (20 min., 56 sek.) 
505 0 0 |t Karel IV. (19 min., 3 sek.) 
505 0 0 |t Karel IV. (25 min., 48 sek.) 
505 0 0 |t Karel IV. (20 min., 51 sek.) 
505 0 0 |t Karel IV. (24 min., 39 sek.) 
505 0 0 |t Karel IV. (27 min., 59 sek.) 
505 0 0 |t Karel IV. (3 min., 5 sek.) 
910 |a RBIT002 
998 |d 206630  |a https://core.palmknihy.cz/api/books/206630/cover?sld1ot  |b https://core.palmknihy.cz/api/books/206630/cover/400?sld1ot  |c https://core.palmknihy.cz/api/books/206630/cover/50?sld1ot  |e 2028-12-31  |i 8594050425989  |l 20820  |q 49  |r 1  |s https://www.palmknihy.cz/kniha/206630  |t audiobook  |y 2018  |z 0 
999 |d 313016